00282 a2200133 450000100060000002000180000604000220002410000200004624000250006624500200009130000070011136200090011865000210012768003 a9783190018802 cAnchieta - Pituba aPuchta, Herbert10aMotive kursbuchlpor10aMotive kursbuch a650 a2015 4aLíngua alemã